000 00590nam a22001937a 4500
003 koha_MIRAKIL
005 20251016125559.0
008 251016b eng||||| |||| 00| 0 eng d
020 _a9780673811349
040 _aTR-IsEVY
_btur
_cTR-IsEVY
082 _a420 HOW
245 0 _aHow to talk to bears and other tips for success
260 _aAmerika :
_bScott Foresman ,
300 _a144 p. :
_bcolour pictures ;
_c23 cm.
490 0 _aCelebrate Reading .
650 _aEnglish Language.
_vEnglish Readers.
650 _aİngiliz Dili.
_vİngilizce Okuma Kitapları.
942 _2ddc
_cBK
999 _c22763
_d22763